00438nam a2200169Ia 4500008004100000020001800041041000800059082001300067100001600080245002600096260003400122300000800156365001600164700001600180906005300196999001900249230714s9999 xx 000 0 und d a9780000000000 aeng a004bKUL aKulkarni V. aTheory Of Computation c2013bOxford University Press a529 cRs.b375.00 aKulkarni V. dO:0356205-Dec-2013B:364325-Nov-2013cCOMPb937.5 c209777d209777